00571nam a2200157Ia 4500008004100000100001800041245008100059245005400140260005900194260000900253650001800262650001500280856002600295999001900321952007300340170221s9999 xx 000 0 und d aYilmaz, Eray. 2aA Scale Development Study to Measure Smartphone Satisfactions of Adolescents cEray YILMAZ, Erkan Duran Ahmet Küçüktekeli. bOnline Journal of Communication and Media Technologies c2012 xCommunication xMedia Arts uhttp://www.ojcmt.net/ c310550d310550 001040aCLbCLd2017-02-21l0r2017-02-21 00:00:00w2017-02-21yFOJ